Normal view
MARC view
Entry Uniform Title
001 - CONTROL NUMBER
- control field: 8831
003 - CONTROL NUMBER IDENTIFIER
- control field: ARRUPE
005 - DATE AND TIME OF LATEST TRANSACTION
- control field: 20140220140418.0
008 - FIXED-LENGTH DATA ELEMENTS
- fixed length control field: 140220|| aca||aabn | a|a d
040 ## - CATALOGING SOURCE
- Original cataloging agency: ARRUPE
- Transcribing agency: ARRUPE
130 ## - HEADING--UNIFORM TITLE
- Uniform title: Bible
- General subdivision: Criticism, interpretation, etc.
670 ## - SOURCE DATA FOUND
- Source citation: Work cat.: (ARRUPE)0: Ford, David, 1948- 8829, Christian wisdom :, 2007.